Forever - Noah Kahan (All Lyrics) - Statistics

General Stats
  • This quiz has been taken 112 times
  • The average score is 302 of 355
Answer Stats
Lyrics % Correct
a
98%
I
98%
for
97%
my
97%
the
97%
of
95%
You
95%
you
95%
and,
93%
And
93%
and
93%
forever
93%
go
93%
I'll
93%
I'm
93%
so
93%
So,
93%
That
93%
that
93%
that?
93%
to
93%
To
93%
we
93%
We
93%
When
93%
when
93%
be
92%
her
92%
in
92%
In
92%
get
90%
but
88%
high
88%
high,
88%
see
88%
was
88%
where
88%
Where
88%
won't
88%
let
86%
life
86%
Oh,
86%
oh,
86%
rest
86%
boat
85%
build
85%
ever
85%
gets
85%
never
85%
rich
85%
river
85%
sentence,
85%
sentence
85%
she
85%
tell
85%
broke,
83%
broke
83%
head
83%
heat
83%
July
83%
no
83%
alone
81%
death
81%
girl
81%
knows
81%
were
81%
drop
80%
meet
80%
sweat
80%
bone
78%
close
78%
God
78%
grip,
78%
hand
78%
healed
78%
hold
78%
imagine
78%
loosen
78%
can't
76%
Could
76%
drive
76%
I'd
76%
real
76%
reason,
76%
seen
76%
shop
76%
these
76%
this
76%
Let's
75%
let's
75%
Side,
75%
Upper
75%
West
75%
window
75%
got
73%
haven't
73%
just
73%
make
73%
might
73%
running
73%
too
73%
car
71%
tear,
71%
yet
71%
your
71%
anyone
69%
anything
69%
'Cause
69%
cops
69%
lot
69%
parking
69%
with
69%
called
68%
drunk
68%
kissed
68%
look
68%
edges
66%
friends
66%
honey,
66%
it's
66%
Remember
66%
rent,
66%
scared
66%
school
66%
down
64%
fine
64%
laughed?
64%
wheels
64%
anywhere,
63%
earth
63%
glad
63%
meant
63%
soul,
63%
curve
61%
end
61%
evening
61%
wish
59%
starting
58%
Used
53%
grind
49%
land
49%
storm
46%
Now
36%
Woo
32%
No matching quizzes found
Score Distribution
Percent of People with Each Score
Percentile by Number Answered
Your Score History
You have not taken this quiz